000 00545nam a22001817a 4500
005 20241111124151.0
008 240808b |||||||| |||| 00| 0 eng d
020 _a978-81-947276-2-0
041 _aEnglish
082 _aE 420 SHA DB1282
100 _aSharma Shivani
_9180261
110 _aSood Sarika
_9208262
245 _aTextbook of Communicative English for Undergraduate and Diploma Nursing Students
260 _aMohali, Punjab
_bVision Health Sciences Publishers
_c2024
300 _a207p
365 _b425.00
_cRs
_aRs
942 _cDB
999 _c359362
_d359362